Самые крупные острова мира - Statistics

General Stats
  • This quiz has been taken 176 times
  • The average score is 17 of 77
Answer Stats
Номер Площадь, км2 Остров % Correct
1 2 166 086 Гренландия
91%
4 587 713 Мадагаскар
84%
17 105 806 Куба
71%
12 145 836 Южный (Новая Зеландия)
70%
14 111 583 Северный (Новая Зеландия)
70%
18 103 000 Исландия
63%
20 81 638 Ирландия
63%
7 229 848 Великобритания
62%
29 48 904 Северный (Новая Земля)
58%
41 33 246 Южный (Новая Земля)
58%
25 65 268 Шри-Ланка
57%
22 76 600 Сахалин
51%
38 35 883 Тайвань
51%
13 130 023 Ява
47%
71 11 190 Ямайка
46%
23 76 480 Гаити
42%
2 785 753 Новая Гвинея
40%
3 748 168 Калимантан
36%
6 443 066 Суматра
36%
21 78 719 Хоккайдо
36%
45 25 662 Сицилия
36%
8 227 970 Хонсю
33%
36 38 981 Западный Шпицберген
31%
47 24 100 Сардиния
31%
58 14 247 Северо-Восточная Земля (Шпицберген)
30%
26 64 519 Тасмания
28%
76 10 434 Гавайи (Большой)
25%
9 217 291 Виктория
22%
16 108 860 Ньюфаундленд
22%
37 37 437 Кюсю
21%
11 180 681 Сулавеси
20%
5 507 451 Баффинова Земля
15%
30 47 401 Огненная Земля
15%
15 109 965 Лусон
14%
42 33 210 Хайнань
14%
50 18 545 Сикоку
14%
10 196 236 Элсмир
12%
19 97 530 Минданао
10%
44 28 418 Тимор
10%
53 16 648 Новая Каледония
10%
59 14 204 Октябрьской Революции
10%
24 70 028 Бэнкс
8%
48 23 200 Котельный
7%
27 55 247 Девон
6%
34 41 214 Саутгемптон
6%
39 35 145 Новая Британия
5%
70 11 206 Большевик
5%
32 43 178 Аксель-Хейберг
4%
33 42 149 Мелвилл
4%
35 40 100 Маражо
4%
40 33 339 Принца Уэльского
4%
46 24 786 Сомерсет
4%
54 16 042 Батерст
4%
55 15 848 Принс-Патрик
4%
57 14 386 Сумбава
4%
60 14 154 Флорес
4%
62 13 074 Негрос
4%
63 12 849 Самар
4%
64 12 189 Палаван
4%
65 12 011 Панай
4%
73 10 711 Сумба
4%
74 10 572 Миндоро
4%
43 31 285 Ванкувер
3%
51 18 040 Хальмахера
3%
52 17 454 Серам
3%
72 11 067 Байлот
3%
75 10 531 Вити-Леву
3%
61 13 111 Кинг-Уильям
2%
28 49 070 Земля Александра I
2%
31 43 873 Беркнер
1%
49 20 000 Бананал
1%
56 15 700 Терстон
1%
66 11 850 Тупинамбарана
1%
67 11 742 Йос-Сударсо
1%
68 11 413 Бангка
1%
69 11 295 Эллеф-Рингнес
1%
77 10 311 Кейп-Бретон
1%
No matching quizzes found
Score Distribution
Percent of People with Each Score
Percentile by Number Answered
Your Score History
You have not taken this quiz